005990000a2200193000450024500630000065000190006365000160008265000200009865000190011865000240013765100540016165100330021565100380024865300260028604100130031270000200032510000250034577300350037010aAdaptive radiation of Espeletia in the cold andean tropics14aBiogeografía14aEvolución14aMorfogenética14aDistribución14aEspecies forestales 4lSierra Nevada de Santa MartadMagdalenapColombia 4lSierra de PerijápColombia 4lCordillera de MéridapVenezuela fAsteraceaegEspeletia0 aInglés1 aSarmiento, Lina1 aMonasterio, Maximina1 tTree330h12q387-391d1991g6